Freie und glucuronidierte Cannabinoide im Urin: Untersuchungen zur Einschätzung des Konsumverhaltens
Spontanurinproben (n = 135) von 49 Cannabiskonsumenten wurden auf freie und glucuronidierte Tetrahydrocannabinolcarbonsäure (THCCOOH) mittels LC/MS/MS sowie auf freies und glucuronidiertes Tetrahydrocannabinol (THC) und 11-Hydroxytetrahydrocannabinol (11-OH-THC) mittels GC/MS direkt sowie nach enzy...
Saved in:
| Main Authors: | , , , , , , |
|---|---|
| Format: | Article (Journal) |
| Language: | German |
| Published: |
December 1999
|
| In: |
Rechtsmedizin
Year: 1999, Volume: 10, Issue: 1, Pages: 21-28 |
| ISSN: | 1434-5196 |
| DOI: | 10.1007/s001940050125 |
| Online Access: | Resolving-System, lizenzpflichtig, Volltext: https://doi.org/10.1007/s001940050125 Verlag, lizenzpflichtig, Volltext: https://link.springer.com/article/10.1007/s001940050125 |
| Author Notes: | G. Skopp, L. Pötsch, B. Ganßmann, M. Mauden, B. Richter, R. Aderjan, R. Mattern |
MARC
| LEADER | 00000caa a2200000 c 4500 | ||
|---|---|---|---|
| 001 | 1757094970 | ||
| 003 | DE-627 | ||
| 005 | 20220819193521.0 | ||
| 007 | cr uuu---uuuuu | ||
| 008 | 210504s1999 xx |||||o 00| ||ger c | ||
| 024 | 7 | |a 10.1007/s001940050125 |2 doi | |
| 035 | |a (DE-627)1757094970 | ||
| 035 | |a (DE-599)KXP1757094970 | ||
| 035 | |a (OCoLC)1341407867 | ||
| 040 | |a DE-627 |b ger |c DE-627 |e rda | ||
| 041 | |a ger | ||
| 084 | |a 33 |2 sdnb | ||
| 100 | 1 | |a Skopp, Gisela |d 1951- |e VerfasserIn |0 (DE-588)1060738538 |0 (DE-627)800969413 |0 (DE-576)164452346 |4 aut | |
| 245 | 1 | 0 | |a Freie und glucuronidierte Cannabinoide im Urin |b Untersuchungen zur Einschätzung des Konsumverhaltens |c G. Skopp, L. Pötsch, B. Ganßmann, M. Mauden, B. Richter, R. Aderjan, R. Mattern |
| 264 | 1 | |c December 1999 | |
| 300 | |a 8 | ||
| 336 | |a Text |b txt |2 rdacontent | ||
| 337 | |a Computermedien |b c |2 rdamedia | ||
| 338 | |a Online-Ressource |b cr |2 rdacarrier | ||
| 500 | |a Gesehen am 04.05.2021 | ||
| 520 | |a Spontanurinproben (n = 135) von 49 Cannabiskonsumenten wurden auf freie und glucuronidierte Tetrahydrocannabinolcarbonsäure (THCCOOH) mittels LC/MS/MS sowie auf freies und glucuronidiertes Tetrahydrocannabinol (THC) und 11-Hydroxytetrahydrocannabinol (11-OH-THC) mittels GC/MS direkt sowie nach enzymatischer Hydrolyse bis zu 10 Tagen nach dem letztmaligen Konsum untersucht. Die Einteilung des Konsumverhaltens erfolgte in schwer, moderat und leicht und orientierte sich an den Zuordnungskriterien neuerer, einschlägiger Publikationen. Die Konzentrationsangaben für freie und glucuronidierte THCCOOH wurden auf 100 mg Kreatinin/dL Urin bezogen. In den Konsumentengruppen schwer, moderat und leicht war THCCOOH in konjugierter und freier Form am Tag des Konsums sowie am nachfolgenden Tag in unterschiedlichen Konzentrationsbereichen nachweisbar. Die Höhe der Konzentrationen ließ prinzipiell die Abgrenzung eines sporadischen von einem gewohnheitsmäßigen Konsum zu. Nach 4-6 Tagen ergab sich jedoch ein Konzentrationsangleich für beide Analyte. Bei regelmäßigen Rauchern konnte THCglucuronid teilweise bis zum ersten Tag und 11-OH-THCglucuronid bis zum dritten Tag nach Abstinenz bestimmt werden. Bei gelegentlichen Rauchern waren konjugiertes THC und 11-OH-THC im Urin nicht faßbar. Die Ergebnisse zeigten, daß eine zusätzliche Bestimmung der Glucuronidkonjugate von THC und 11-OH-THC in konsumnah abgegebenen Urinproben die Kategorisierung des Konsumverhaltens erleichtern kann. | ||
| 700 | 1 | |a Pötsch-Schneider, Lucia Edeltraud |d 1951- |e VerfasserIn |0 (DE-588)172320380 |0 (DE-627)69722824X |0 (DE-576)133186741 |4 aut | |
| 700 | 1 | |a Ganßmann, Beate |d 1969- |e VerfasserIn |0 (DE-588)120421259 |0 (DE-627)696659387 |0 (DE-576)292209894 |4 aut | |
| 700 | 1 | |a Mauden, Jörg Martin |d 1969- |e VerfasserIn |0 (DE-588)123809940 |0 (DE-627)706434447 |0 (DE-576)293889007 |4 aut | |
| 700 | 1 | |a Richter, Barbara |e VerfasserIn |4 aut | |
| 700 | 1 | |a Aderjan, Rolf |d 1944- |e VerfasserIn |0 (DE-588)11816631X |0 (DE-627)694728748 |0 (DE-576)291748465 |4 aut | |
| 700 | 1 | |a Mattern, Rainer |d 1945- |e VerfasserIn |0 (DE-588)1114852473 |0 (DE-627)869256696 |0 (DE-576)165998490 |4 aut | |
| 773 | 0 | 8 | |i Enthalten in |t Rechtsmedizin |d Berlin : Springer, 1997 |g 10(1999), 1, Seite 21-28 |h Online-Ressource |w (DE-627)254639178 |w (DE-600)1463037-0 |w (DE-576)074531840 |x 1434-5196 |7 nnas |a Freie und glucuronidierte Cannabinoide im Urin Untersuchungen zur Einschätzung des Konsumverhaltens |
| 773 | 1 | 8 | |g volume:10 |g year:1999 |g number:1 |g pages:21-28 |g extent:8 |a Freie und glucuronidierte Cannabinoide im Urin Untersuchungen zur Einschätzung des Konsumverhaltens |
| 856 | 4 | 0 | |u https://doi.org/10.1007/s001940050125 |x Resolving-System |x Verlag |z lizenzpflichtig |3 Volltext |
| 856 | 4 | 0 | |u https://link.springer.com/article/10.1007/s001940050125 |x Verlag |z lizenzpflichtig |3 Volltext |
| 951 | |a AR | ||
| 992 | |a 20210504 | ||
| 993 | |a Article | ||
| 994 | |a 1999 | ||
| 998 | |g 1114852473 |a Mattern, Rainer |m 1114852473:Mattern, Rainer |d 910000 |d 912100 |e 910000PM1114852473 |e 912100PM1114852473 |k 0/910000/ |k 1/910000/912100/ |p 6 | ||
| 998 | |g 11816631X |a Aderjan, Rolf |m 11816631X:Aderjan, Rolf |d 910000 |d 912100 |e 910000PA11816631X |e 912100PA11816631X |k 0/910000/ |k 1/910000/912100/ |p 5 | ||
| 998 | |g 123809940 |a Mauden, Jörg Martin |m 123809940:Mauden, Jörg Martin |d 910000 |d 912100 |e 910000PM123809940 |e 912100PM123809940 |k 0/910000/ |k 1/910000/912100/ |p 4 | ||
| 998 | |g 120421259 |a Ganßmann, Beate |m 120421259:Ganßmann, Beate |d 910000 |d 912100 |e 910000PG120421259 |e 912100PG120421259 |k 0/910000/ |k 1/910000/912100/ |p 3 | ||
| 998 | |g 1060738538 |a Skopp, Gisela |m 1060738538:Skopp, Gisela |d 910000 |d 912100 |e 910000PS1060738538 |e 912100PS1060738538 |k 0/910000/ |k 1/910000/912100/ |p 1 |x j | ||
| 999 | |a KXP-PPN1757094970 |e 392284846X | ||
| BIB | |a Y | ||
| SER | |a journal | ||
| JSO | |a {"note":["Gesehen am 04.05.2021"],"person":[{"roleDisplay":"VerfasserIn","display":"Skopp, Gisela","family":"Skopp","given":"Gisela","role":"aut"},{"family":"Pötsch-Schneider","display":"Pötsch-Schneider, Lucia Edeltraud","roleDisplay":"VerfasserIn","role":"aut","given":"Lucia Edeltraud"},{"given":"Beate","role":"aut","roleDisplay":"VerfasserIn","display":"Ganßmann, Beate","family":"Ganßmann"},{"role":"aut","given":"Jörg Martin","display":"Mauden, Jörg Martin","family":"Mauden","roleDisplay":"VerfasserIn"},{"family":"Richter","display":"Richter, Barbara","roleDisplay":"VerfasserIn","role":"aut","given":"Barbara"},{"given":"Rolf","role":"aut","family":"Aderjan","display":"Aderjan, Rolf","roleDisplay":"VerfasserIn"},{"roleDisplay":"VerfasserIn","family":"Mattern","display":"Mattern, Rainer","given":"Rainer","role":"aut"}],"title":[{"title_sort":"Freie und glucuronidierte Cannabinoide im Urin","subtitle":"Untersuchungen zur Einschätzung des Konsumverhaltens","title":"Freie und glucuronidierte Cannabinoide im Urin"}],"type":{"bibl":"article-journal","media":"Online-Ressource"},"id":{"eki":["1757094970"],"doi":["10.1007/s001940050125"]},"language":["ger"],"physDesc":[{"extent":"8 S."}],"recId":"1757094970","name":{"displayForm":["G. Skopp, L. Pötsch, B. Ganßmann, M. Mauden, B. Richter, R. Aderjan, R. Mattern"]},"relHost":[{"id":{"eki":["254639178"],"issn":["1434-5196"],"zdb":["1463037-0"]},"language":["ger"],"physDesc":[{"extent":"Online-Ressource"}],"recId":"254639178","origin":[{"publisherPlace":"Berlin ; Heidelberg ; Berlin ; Heidelberg ; New York, NY","dateIssuedKey":"1997","dateIssuedDisp":"1997-","publisher":"Springer ; Springer"}],"pubHistory":["Nachgewiesen 7.1996/97 -"],"disp":"Freie und glucuronidierte Cannabinoide im Urin Untersuchungen zur Einschätzung des KonsumverhaltensRechtsmedizin","note":["Gesehen am 29.10.04","Teils ungezählte Beil.: Supplement"],"part":{"year":"1999","text":"10(1999), 1, Seite 21-28","issue":"1","extent":"8","volume":"10","pages":"21-28"},"title":[{"title_sort":"Rechtsmedizin","subtitle":"Organ der Deutschen Gesellschaft für Rechtsmedizin","title":"Rechtsmedizin"}],"type":{"media":"Online-Ressource","bibl":"periodical"}}],"origin":[{"dateIssuedKey":"1999","dateIssuedDisp":"December 1999"}]} | ||
| SRT | |a SKOPPGISELFREIEUNDGL1999 | ||